Datum a čas kvízu
23.5
Celkem bodů
Celkový počet nahraných bodů na tomto kvízu bez doplňovacích otázek.
5.
Pořadí na kvízu
Konečné umístění týmu na tomto kvízu.
Zaznamenané odpovědi
| # | Otázka | Odpověď | Body | Výsledky |
|---|---|---|---|---|
| 1. | Ve kterém menším městě ležícím... | v Náměšti nad Oslavou | 1 | |
| 2. | Jeden z vysoce postavených stá... | na Slovensku | 1 | |
| 3. | V sobotu proběhl velkolepý kon... | Rio de Janeiro | 0 | |
| 4. | Minulý týden byl na aukci v ji... | (zlaté) hodinky | 0 | |
| 5. | Co způsobilo posunutí začátku... | C) na hřišti se usadil včelí roj | 0 | |
| 6. | Vítězné téma facebookového hla... | Baryk | 0 | |
| 7. | Jak se jmenoval herec, který v... | Lubomír Kostelka | 0 | |
| 8. | Který zahraniční dětský seriál... | Tlapková patrola | 0 | |
| 9. | Která z těchto postav je nejme... | D) Zip | 1 | |
| 10. | Ze které asijské země pochází... | z Japonska | 1 |